000 00911nam a2200241 i 4500
003 IT-RoINE
005 20171005104603.0
008 070516s2006 sp r 000 | spa d
020 _a8489913692
040 _aSpMaBN
_bspa
_cIT-RoINE
_erdc
_dIT-RoINE
100 1 _aAyala, Francisco,
_d1906-2009
_930920
245 1 0 _aMiradas sobre el presente :
_bensayos y sociología : (antología, 1940-1990) /
_cFrancisco Ayala ; selección y prólogo de Alberto J. Ribes Leiva.
260 _a[Madrid] :
_bFundación Santander Central Hispano,
_c[2006]
300 _aLXII, 222 p. ;
_c24 cm.
336 _2rdacontent
_atext
337 _2rdamedia
_aunmediated
338 _2rdacarrier
_avolume
490 1 _aColección Obra fundamental
504 _aBibliografía: p. LVIII-LXII.
700 1 _aRibes Leiva, Alberto J.,
_d1976-
_930921
830 0 _930889
_aColección Obra fundamental (Fundación Santander)
942 _cMTS
999 _c15245
_d15245